Management of Nursing Services and Education (Record no. 251577)

MARC details
000 -LEADER
fixed length control field 00392pam a2200145a 44500
008 - FIXED-LENGTH DATA ELEMENTS--GENERAL INFORMATION
fixed length control field 230405s2015 xxu||||| |||| 00| 0 eng d
020 ## - INTERNATIONAL STANDARD BOOK NUMBER
International Standard Book Number 8189966596
Terms of availability Rs. 225
082 ## - DEWEY DECIMAL CLASSIFICATION NUMBER
Classification number 610.73
Item number RED
100 ## - MAIN ENTRY--PERSONAL NAME
Personal name Reddi,Rani.Modem
245 ## - TITLE STATEMENT
Title Management of Nursing Services and Education
250 ## - EDITION STATEMENT
Edition statement 2nd Ed.
260 ## - PUBLICATION, DISTRIBUTION, ETC.
Place of publication, distribution, etc. Hyderabad
Name of publisher, distributor, etc. Frontline Publication
Date of publication, distribution, etc. 2015
300 ## - PHYSICAL DESCRIPTION
Extent 325 p
906 ## - LOCAL DATA ELEMENT F, LDF (RLIN)
a 003089

No items available.